000
00323nam a2200133Ia 4500
005
20251222143318.0
008
251222s9999||||xx |||||||||||||| ||spa||
020
_a
84-96318-08-7
082
_a
320.54/G15
100
_a
Gallegos, Andrés
245
0
_a
La Nación y El Nacionalismo:
264
_b
San Dámaso
942
_c
LIB
999
_c
15961
_d
15961